000 00886cam a22002893a 4500
001 5155
003 PGUSA
005 20140828083114.0
008 040201s2004||||xxu|||||s|||||000 1 eng d
040 _aPGUSA
_beng
042 _adc
050 4 _aPS
100 1 _aDonnelly, Ignatius,
_d1831-1901
245 1 0 _aCæsar's Column :
_bA Story of the Twentieth Century
_h[electronic resource] /
_cIgnatius Donnelly
260 _bProject Gutenberg,
_c2004
506 _aPublic domain in the USA.
516 _aElectronic text
653 _aSocial problems -- Fiction
653 _aTwentieth century -- Fiction
653 _aScience fiction
653 _aDystopias -- Fiction
653 _aNew York (N.Y.) -- Fiction
740 0 _aCaesar's Column: A Story of the 20th Century
830 0 _aProject Gutenberg
_v5155
856 4 0 _uhttp://www.gutenberg.org/ebooks/5155
942 _cEB
999 _c234484
_d234484